000 00854nam a2200241Ia 4500
003 OSt
005 20220923221035.0
006 a|||||r|||| 00| 0
007 ta
008 220922b |||||||| |||| 00| 0 hin d
024 _a194,245
037 _cTextual
040 _aARTS
_cARTS
_bhin
041 _2hin
_ahin
082 _aO152,3:g, M6-;1
100 _aरजनीश कुमार
_9156290
245 0 _aहिन्दी कहानी के आंदोलन
_b उपलब्धियॉं और सीमाएं
246 _aHindī kahānī ke āandolana: upalabdhiyaॉan aur sīmāean
260 _aनई दिल्ली
_b नेशनल पब्लि0 हा0
_c1986
300 _a104पृ.
_ccm.
942 _hO152,3:g, M6-;1
_cTEXL
_2CC
999 _c346509
_d346509